| 000 | 00664nam a22001937a 4500 | ||
|---|---|---|---|
| 999 |
_c17765 _d17765 |
||
| 003 | AR-CdUCM | ||
| 008 | 190509b ||||| |||| 00| 0 spa d | ||
| 040 |
_aMUNICIPALIDAD PROVINCIAL DEL CUSCO _cBIBLIOTECA MUNICIPAL DEL CUSCO |
||
| 082 |
_a295.3 / _bH93 |
||
| 100 |
_aHumphreys, Christmas. _919648 |
||
| 245 | _aEl Zen visto por occidente / | ||
| 260 |
_aBuenos Aires : _bDédalo, _c1972. |
||
| 300 |
_a317 páginas ; _c20 cm. |
||
| 505 | _aContenido : Budismo básico -- Fundamentos del budismo Zen -- El curso -- Experimentos con el Zen ... | ||
| 650 |
_aOccidente. _937941 |
||
| 650 |
_aPensamiento. _9461 |
||
| 942 |
_2ddc _cLIBROS |
||
| 945 |
_arum _d2019-05-09 |
||